Ai Weiwei / (Record no. 353241)
[ view plain ]
| 000 -LEADER | |
|---|---|
| fixed length control field | 01158 a2200301 4500 |
| 003 - CONTROL NUMBER IDENTIFIER | |
| control field | OSt |
| 005 - DATE AND TIME OF LATEST TRANSACTION | |
| control field | 20180116192359.0 |
| 008 - FIXED-LENGTH DATA ELEMENTS--GENERAL INFORMATION | |
| fixed length control field | 120702t xxu||||| |||| 00| 0 eng d |
| 010 ## - LIBRARY OF CONGRESS CONTROL NUMBER | |
| LC control number | 2010283456 |
| 020 ## - INTERNATIONAL STANDARD BOOK NUMBER | |
| International Standard Book Number | 9780714848891 (pbk.) |
| 020 ## - INTERNATIONAL STANDARD BOOK NUMBER | |
| International Standard Book Number | 0714848891 (pbk.) |
| 035 ## - SYSTEM CONTROL NUMBER | |
| System control number | (OCoLC)ocn262432236 |
| 040 ## - CATALOGING SOURCE | |
| Transcribing agency | 0 |
| 082 04 - DEWEY DECIMAL CLASSIFICATION NUMBER | |
| Classification number | 709.2 |
| 245 00 - TITLE STATEMENT | |
| Title | Ai Weiwei / |
| Statement of responsibility, etc. | [survey by] Karen Smith, [interview by] Hans Ulrich Obrist, [focus by] Bernard Fibicher. |
| 260 ## - PUBLICATION, DISTRIBUTION, ETC. | |
| Place of publication, distribution, etc. | London ; |
| -- | New York : |
| Name of publisher, distributor, etc. | Phaidon, |
| Date of publication, distribution, etc. | 2009. |
| 300 ## - PHYSICAL DESCRIPTION | |
| Extent | 158 p. : |
| Other physical details | col. ill. ; |
| Dimensions | 29 cm. |
| 440 #0 - SERIES STATEMENT/ADDED ENTRY--TITLE | |
| Title | Contemporary artists |
| 9 (RLIN) | 4962 |
| 505 0# - FORMATTED CONTENTS NOTE | |
| Formatted contents note | Interview - Hans Ulrich Obrist in conversation with Ai Weiwei. Survey - Karen Smith. Focus - Bernard Fibicher, Working Progress (Fountain of Light). Artist's Choice. Artist's Writings. |
| 600 10 - SUBJECT ADDED ENTRY--PERSONAL NAME | |
| Personal name | Ai, Weiwei |
| General subdivision | Criticism and interpretation. |
| 9 (RLIN) | 4963 |
| 650 10 - SUBJECT ADDED ENTRY--TOPICAL TERM | |
| Topical term or geographic name entry element | Art dealers |
| 9 (RLIN) | 4964 |
| 700 1# - ADDED ENTRY--PERSONAL NAME | |
| Personal name | Smith, Karen, |
| 9 (RLIN) | 4965 |
| 700 1# - ADDED ENTRY--PERSONAL NAME | |
| Personal name | Obrist, Hans-Ulrich. |
| 9 (RLIN) | 4966 |
| 700 1# - ADDED ENTRY--PERSONAL NAME | |
| Personal name | Fibicher, Bernhard. |
| 9 (RLIN) | 4967 |
| 700 1# - ADDED ENTRY--PERSONAL NAME | |
| Personal name | Ai, Weiwei. |
| 9 (RLIN) | 4968 |
| 942 ## - ADDED ENTRY ELEMENTS (KOHA) | |
| Institution code [OBSOLETE] | SADA |
| Koha item type | Book |
| Call number prefix | 709.2 AIW 2009 |
| Source of classification or shelving scheme | |
| 952 ## - LOCATION AND ITEM INFORMATION (KOHA) | |
| -- | BOOK |
| Withdrawn status | Lost status | Source of classification or shelving scheme | Damaged status | Not for loan | Permanent Location | Current Location | Date acquired | Total Checkouts | Total Renewals | Full call number | Barcode | Date last seen | Date last checked out | Cost, replacement price | Price effective from | Koha item type |
|---|---|---|---|---|---|---|---|---|---|---|---|---|---|---|---|---|
| School of Art Design and Architecture (SADA) | School of Art Design and Architecture (SADA) | 06/28/2011 | 7 | 2 | 709.2 AIW 2009 | SADA0001409 | 04/02/2015 | 03/16/2015 | 2688.00 | 08/05/2011 | Book |
